| 000 | 00000nam##2200000za#4500 |
| 001 | 9.571321 |
| 003 | CaOODSP |
| 005 | 20210624182652 |
| 007 | cr ||||||||||| |
| 008 | 150406|1998||||xxc|||||o f|0| 0 eng|d |
| 040 | |aCaOODSP|beng |
| 043 | |an-cn--- |
| 086 | 1 |aTU3-5/98-33E-PDF |
| 110 | 2 |aTransportation Safety Board of Canada. |
| 245 | 10|aCollision with water, Harbour Air Ltd. de Havilland DHC-2 Beaver C-FOCJ Kincolith, British Columbia, 4 August 1998 |h[electronic resource] |
| 260 | |aGatineau - Quebec : |bTransportation Safety Board of Canada |c[2000]. |
| 300 | |a19p.|bglossary, tables |
| 490 | 1 |aAviation investigation report |vA98P0215 |
| 500 | |a"The Board authorized the release of this report on 6 April 2000."--p.18 of 19. |
| 590 | |a12-18-Supp|b2012-04-25 |
| 775 | 08|tCollision avec un plan d'eau, Harbour Air Ltd., de Havilland DHC-2 Beaver C-FOCJ, Kincolith (Colombie-Britannique), le 4 août 1998 |w(CaOODSP)9.601936 |
| 830 | #0|aAviation investigation report ;|vA98P0215|w(CaOODSP)9.504825 |
| 856 | 40|ahttp://publications.gc.ca|qPDF|s106 KB|uhttps://publications.gc.ca/collections/collection_2011/bst-tsb/TU3-5-98-33-eng.pdf|yA98P0215 |